Kilka uwag o nazwie miejscowej Miotek
| Titel: | Kilka uwag o nazwie miejscowej Miotek |
|---|---|
| Verfasser: | |
| In: |
Szkice lublinieckie, Band 3 (1992), Seite 137-138 alle Artikel anzeigen |
| Veröffentlicht: | 1992 |
| Format: | Aufsatz |
| Sprache: | Polnisch |
X
alg: 39463123 001A $01999:12-11-16 001B $01999:01-06-17 $t17:57:22.000 001D $01999:12-11-16 001U $0utf8 001X $00 002@ $0Aox 003@ $0394631234 007A $0394631234 $aHEB 007T $0Herdww000732 010@ $apol 011@ $a1992 021A $aKilka uwag o nazwie miejscowej Miotek 028A $aJarczak $dŁucja 031A $d3 $h137-138 $j1992 039B $aIn $8--Abvc--. Szkice lublinieckie. - Lubliniec, 1986-. - ISSN 0860-3685 $x199200000030000863 $9182896552 lok: 39463123 78 exp: 39463123 78 1 #EPN 201B/01 $018-11-16 $t12:12:54.000 201U/01 $0utf8 203@/01 $0790741709 208@/01 $a12-11-16 $be 209A/01 $a/ $f000 $x00 220C/01 $aTitelaufnehmer: EW 220C/01 $aHerkunft: IH UWr 244Z/01 $2Trx $#Silesia $#Śląsk $#Sliezsko $#Slezsko $8--Trx--Schlesien $x01 $9391173987 244Z/01 $2Trx $#keeleteadus $#kalbotyra $#Linguistics $#nyelvtudomány $#językoznawstwo $#jazykoveda $#jazykověda $#Linguistik $#lingvistika $8--Trx--Sprachwissenschaft $x02 $939137124X 244Z/01 $2Trx $8--Trx--Zeitschriftenaufsatz $x03 $9391384341 247C/01 $82080>Marburg/Lahn, Herder-Institut, Forschungsbibliothek, Bibliographieportal $9336309341
| LEADER | 00000caa a22000002c 4500 | ||
|---|---|---|---|
| 001 | 394631234 | ||
| 003 | DE-603 | ||
| 005 | 20170601175722.0 | ||
| 007 | tu | ||
| 008 | 161112s1992 xx |||| | u00||u|pol c | ||
| 035 | |a (DE-599)HEB394631234 | ||
| 040 | |a DE-603 |b ger |c DE-603 |d DE-603 | ||
| 041 | |a pol | ||
| 100 | 1 | |a Jarczak, Łucja | |
| 245 | 0 | 0 | |a Kilka uwag o nazwie miejscowej Miotek |
| 264 | 0 | |c 1992 | |
| 773 | 0 | 8 | |i In |t Szkice lublinieckie |d Lubliniec, 1986- |x 0860-3685 |g Band 3 (1992), Seite 137-138 |w (DE-603)182896552 |w (DE-600)2259923-X |
| 924 | 0 | |9 2080 |a (DE-603)790741709 |b DE-2080 |c HES |d d |g / | |


